Country Quiz: Suriname 🇸🇷 - Statistics

General Stats
  • This quiz has been taken 14 times
  • The average score is 13 of 19
Answer Stats
Hint Answer % Correct
Bordering Oceans Atlantic ocean
100%
Capital Paramaribo
100%
Time zones 1 (UTC-3)
91%
Bordering countries Brazil
91%
Main Religion Christianity
91%
Guyana
91%
In 1667, that same country cedes Suriname to this country, in exchange for present-day New York City (between 1799-1816, rule was returned to the first colonial rulers during the Napoleon wars, and was ceded back once again the Napoleonic wars were over) Netherlands
91%
Currency Dollar
82%
In 1863, this was abolished Slavery
82%
In 1593, explorers from this country arrived and gave Suriname its name Spain
82%
Climate Tropical
82%
In 1651, after 50 years of failed attempts of annexing the area, this European country manages to seize the present-day capital of Suriname United Kingdom
82%
State-Condition Republic (presidential / unitary)
55%
Language and Nationality Surinamese
55%
Independence 1975
45%
Most Famous Leader (1980-87 & 2010-2020) Dési Bouterse
27%
Largest export (accounts for <70% of Suriname's exports) Gold
27%
Second-Largest City Lelydorp
9%
Founding Father Johan Ferrier
0%
No matching quizzes found
Score Distribution
Percent of People with Each Score
Percentile by Number Answered
Your Score History
You have not taken this quiz